[Event "AUTO-INT-1559"]
[Site "http://www.queenalice.com/game.php?id=702934"]
[Date "2009.12.24"]
[Round "1"]
[White "amandrix"]
[Black "thomas01"]
[Result "0-1"]
[WhiteElo "1536"]
[BlackElo "1644"]

1. e4 e5 2. d3 d6 3. c4 f5 4. Qa4+ Bd7 5. Qb4 b6 6. c5 f4 7. Qc4 c6 8. cxd6 Bxd6
9. Nf3 h6 10. Nbd2 b5 11. Qb3 Na6 12. g3 Nc5 13. Qb4 Nxd3+ 14. Bxd3 Bxb4 15.
Nxe5 Qf6 16. a3 Bxd2+ 17. Bxd2 Qxe5 18. Bc3 Qg5 19. Be2 Nf6 20. h4 Qc5 21. Rd1
Nxe4 22. Bxg7 Qxf2# 0-1

[Event "AUTO-INT-1559"]
[Site "http://www.queenalice.com/game.php?id=702949"]
[Date "2009.12.24"]
[Round "1"]
[White "faver_154"]
[Black "amandrix"]
[Result "0-1"]
[WhiteElo "1600"]
[BlackElo "1575"]

1. e4 e5 2. Nf3 d6 3. Bc4 Nf6 4. Nc3 a6 5. a4 Nc6 6. h3 Be6 7. Bxe6 fxe6 8. d4
exd4 9. Nxd4 Qd7 10. O-O e5 11. Nxc6 Qxc6 12. Qe2 d5 13. exd5 Nxd5 14. Qxe5+ Ne7
15. Nd5 Qxd5 16. Qxd5 Nxd5 17. Re1+ Be7 18. Bg5 O-O 19. Bxe7 Nxe7 20. Rxe7 Rf7
21. Rae1 Kf8 0-1

[Event "AUTO-INT-1559"]
[Site "http://www.queenalice.com/game.php?id=702950"]
[Date "2009.12.24"]
[Round "1"]
[White "amandrix"]
[Black "faver_154"]
[Result "1-0"]
[WhiteElo "1552"]
[BlackElo "1600"]

1. e4 c5 2. d3 Nc6 3. Qh5 e5 4. Nf3 Nf6 5. Qg5 h6 6. Qg3 d6 7. Nc3 Be6 8. Bd2
Nd4 9. Nh4 Nxc2+ 10. Kd1 Nxa1 11. f4 exf4 12. Bxf4 Qb6 13. Kc1 Nh5 14. Qf3 Nxf4
15. Qxf4 g5 16. Qf6 Rg8 17. d4 Bg7 18. Bb5+ Bd7 19. Bxd7+ Kxd7 20. Qxf7+ Kc8 21.
Qxg8+ Qd8 22. Qxg7 gxh4 23. Qxh6 cxd4 24. Nd5 b6 25. Rd1 1-0

[Event "AUTO-INT-1559"]
[Site "http://www.queenalice.com/game.php?id=702961"]
[Date "2009.12.24"]
[Round "1"]
[White "amandrix"]
[Black "Atarihero"]
[Result "0-1"]
[WhiteElo "1500"]
[BlackElo "1692"]

1. Nf3 Nc6 2. Nc3 e6 3. e4 d5 4. d3 Bb4 5. a3 Ba5 6. Bg5 Nf6 7. b4 Bb6 8. Be2
O-O 9. Be3 d4 10. Nxd4 Bxd4 11. Bd2 Bxc3 12. Bxc3 Nd4 13. O-O Qd6 14. Qd2 e5 15.
Qe3 Nxc2 16. Qg3 Nxa1 17. Bxa1 Be6 18. Bxe5 Qe7 19. f4 g6 20. Rf3 Bg4 21. Re3
Bxe2 22. Rxe2 Rad8 23. Qh4 Rxd3 24. Bxf6 Rd1+ 25. Kf2 Qe6 26. f5 Qb6+ 27. Re3
Rd3 28. Kg3 Qxe3+ 29. Kg4 Qxe4+ 30. Kg5 Qxh4+ 31. Kxh4 Rxa3 32. Kg5 Ra2 33. fxg6
Rxg2+ 34. Kh6 Rxg6+ 35. Kh5 Rxf6 0-1

[Event "AUTO-INT-1559"]
[Site "http://www.queenalice.com/game.php?id=702962"]
[Date "2009.12.24"]
[Round "1"]
[White "Atarihero"]
[Black "amandrix"]
[Result "1-0"]
[WhiteElo "1668"]
[BlackElo "1619"]

1. e4 e5 2. Nf3 Nc6 3. Bc4 d6 4. Nc3 Na5 5. b3 Nf6 6. d4 exd4 7. Nxd4 Bg4 8. Qd3
c5 9. Nf5 g6 10. Ne3 Bh5 11. Ncd5 Bg7 12. Nxf6+ Bxf6 13. Qd5 Bc3+ 14. Bd2 Bxa1
15. Qxf7# 1-0

[Event "Let's Play Chess!"]
[Site "http://www.queenalice.com/game.php?id=723061"]
[Date "2010.1.31"]
[Round "-"]
[White "amandrix"]
[Black "rconley23"]
[Result "1-0"]
[WhiteElo "1477"]
[BlackElo "1056"]

1. e4 e5 2. Nc3 Nf6 3. Nf3 Bc5 4. Nxe5 Nxe4 5. Nxe4 Bd4 6. f4 d5 7. c3 dxe4 8.
cxd4 Qxd4 9. Ng4 O-O 10. Nf2 Nc6 11. Qe2 Bd7 12. Qxe4 Qc5 13. Bd3 Nd4 14. Qxh7#
1-0

[Event "AUTO-OPEN-1870"]
[Site "http://www.queenalice.com/game.php?id=727613"]
[Date "2010.2.7"]
[Round "1"]
[White "anakarine"]
[Black "amandrix"]
[Result "0-1"]
[WhiteElo "1575"]
[BlackElo "1547"]

1. d4 Nc6 2. e4 e5 3. d5 Nd4 4. Be3 c5 5. c3 Nf6 6. cxd4 exd4 7. Bg5 h6 8. Bxf6
Qxf6 9. Bc4 d3 10. Nc3 a6 11. Qxd3 b5 12. Bb3 c4 13. Bxc4 bxc4 14. Qxc4 Rb8 15.
Rb1 a5 16. Nb5 Bb4+ 17. Ke2 O-O 18. Nf3 Ba6 19. e5 Qf5 20. a4 Rfc8 21. Qd4 Qc2+
22. Ke3 Bc5 23. Rbc1 Qb3+ 24. Ke4 Bxd4 25. Nbxd4 Qxa4 26. Rb1 Re8 27. Ra1 Qb4
28. b3 d6 29. Rhb1 dxe5 30. Nxe5 g6 31. Ra4 Qd2 32. Nc6 Bd3+ 33. Kd4 Bxb1+ 34.
Kc5 Qc3+ 35. Rc4 Qxb3 36. Nxb8 Rxb8 37. d6 Qb6+ 38. Kd5 Qb5+ 39. Kd4 Qb2+ 40.
Rc3 Rc8 41. Nc4 Qxf2+ 42. Ke5 Rc5# 0-1

[Event "AUTO-OPEN-1870"]
[Site "http://www.queenalice.com/game.php?id=727614"]
[Date "2010.2.7"]
[Round "1"]
[White "amandrix"]
[Black "anakarine"]
[Result "1-0"]
[WhiteElo "1567"]
[BlackElo "1625"]

1. e4 e5 2. Nf3 d6 3. d4 f6 4. c3 a6 5. d5 h6 6. Nh4 Ne7 7. Qb3 Nd7 8. f4 Nc5 9.
Qc4 Bd7 10. f5 Nc8 11. Ng6 Rg8 12. b4 Nb6 13. Qe2 Nca4 14. Qg4 c5 15. Nxf8 Kxf8
16. Ba3 c4 17. Qg6 Be8 18. Qg3 Nd7 19. Bxc4 Nab6 20. Bb3 Nc8 21. Qf2 Bh5 22. O-O
Ndb6 23. h3 Be8 24. Bc1 Bb5 25. Rd1 Ne7 26. a4 Bd7 27. a5 Nbc8 28. c4 b6 29.
axb6 Nxb6 30. c5 Nbc8 31. cxd6 Nxd6 32. Nc3 Rc8 33. Bd2 Ra8 34. Qc5 Nb7 35. Qc4
Bb5 36. Nxb5 axb5 37. Qxb5 Nd6 38. Qc5 Nxe4 39. Qb5 Rb8 40. Qc4 Nd6 41. Qd3
Nexf5 42. g4 Qb6+ 43. Kf1 e4 44. Qa6 Ng3+ 45. Kg2 Qd8 46. Kxg3 f5 47. Bf4 Rb6
48. Qa8 Nc8 49. d6 Rh8 50. d7 Rc6 51. dxc8=Q Qxc8 52. Rd8+ Ke7 53. Qa7+ Kf6 54.
g5+ hxg5 55. Rd6+ Rxd6 56. Bxd6 Qc3+ 57. Kg2 Qxh3+ 58. Kf2 Qxb3 59. Ra6 Kg6 60.
Be5+ Kh5 61. Qxg7 Qf3+ 62. Ke1 Qe3+ 63. Kf1 Qd3+ 64. Kg2 Qxa6 65. Qxh8+ Kg6 66.
Qg7+ Kh5 67. Qh7+ Qh6 68. Qxh6+ Kxh6 69. b5 e3 70. b6 f4 71. b7 e2 72. Kf2 Kg6
73. b8=Q 1-0

[Event "AUTO-OPEN-1870"]
[Site "http://www.queenalice.com/game.php?id=727641"]
[Date "2010.2.7"]
[Round "1"]
[White "lk"]
[Black "amandrix"]
[Result "1-0"]
[WhiteElo "1957"]
[BlackElo "1583"]

1. d4 Nc6 2. c4 e5 3. Nf3 d6 4. e3 exd4 5. exd4 Qe7+ 6. Be3 f6 7. Be2 f5 8. O-O
Nf6 9. Re1 g6 10. d5 Ne5 11. Nc3 Bd7 12. Bg5 h6 13. Bd2 g5 14. Nxe5 dxe5 15. f4
gxf4 16. Bxf4 Ng4 17. Bxg4 fxg4 18. Rxe5 Be6 19. Rxe6 Qxe6 20. dxe6 Bc5+ 21. Kh1
Rf8 22. Qd7# 1-0

[Event "AUTO-OPEN-1870"]
[Site "http://www.queenalice.com/game.php?id=727642"]
[Date "2010.2.7"]
[Round "1"]
[White "amandrix"]
[Black "lk"]
[Result "0-1"]
[WhiteElo "1564"]
[BlackElo "1879"]

1. e4 c5 2. Nf3 d6 3. d4 Nf6 4. Nc3 Bg4 5. Bb5+ Bd7 6. Ba4 cxd4 7. Nxd4 g6 8.
Bg5 Bg7 9. O-O e5 10. Ndb5 Bxb5 11. Bxb5+ Nc6 12. Nd5 O-O 13. Qf3 a6 14. Bxf6
Bxf6 15. Nxf6+ Kg7 16. Bxc6 bxc6 17. Ng4 f5 18. exf5 Rxf5 19. Qxc6 Rf7 20. Rad1
Rd7 21. Ne3 a5 22. Nc4 Rc8 23. Qa6 d5 24. Nb6 Rc6 25. Qe2 Rxb6 26. Qxe5+ Rf6 27.
g4 Kf7 28. Rfe1 Rdd6 29. c4 dxc4 30. Rxd6 Rxd6 31. Qf4+ Rf6 32. Qxc4+ Kg7 33. g5
Rf7 34. Qc3+ Kg8 35. h4 Qd7 36. Qc4 Qd2 37. Re8+ Kg7 38. Qc5 Qd1+ 39. Kg2 Qg4+
40. Kh2 Qxh4+ 41. Kg1 Qg4+ 42. Kf1 Qh3+ 43. Ke2 Qg4+ 44. Kd3 Rd7+ 45. Kc3 Qf3+
46. Kc4 Qd3# 0-1

[Event "AUTO-OPEN-1870"]
[Site "http://www.queenalice.com/game.php?id=727659"]
[Date "2010.2.7"]
[Round "1"]
[White "mestre_leonardo"]
[Black "amandrix"]
[Result "1-0"]
[WhiteElo "1777"]
[BlackElo "1582"]

1. e4 e5 2. Nf3 d6 3. Bc4 Be6 4. Bxe6 fxe6 5. O-O Nf6 6. Nc3 d5 7. exd5 exd5 8.
Nxe5 c6 9. Re1 Be7 10. d4 Nbd7 11. Nxd7 Qxd7 12. Bg5 O-O 13. Qe2 Rae8 14. h3 Ba3
15. Qd3 Bxb2 16. Rab1 Bxc3 17. Qxc3 Ne4 18. Qe3 Rxf2 19. c4 h6 20. Bh4 Rxa2 21.
cxd5 cxd5 22. Qb3 Rf2 23. Bxf2 Rf8 24. Be3 Qf7 25. Rf1 Qg6 26. Qxd5+ 1-0

[Event "AUTO-OPEN-1870"]
[Site "http://www.queenalice.com/game.php?id=727660"]
[Date "2010.2.7"]
[Round "1"]
[White "amandrix"]
[Black "mestre_leonardo"]
[Result "0-1"]
[WhiteElo "1595"]
[BlackElo "1734"]

1. e4 e5 2. Nf3 Nc6 3. c3 Nf6 4. d3 Bc5 5. Ng5 d6 6. Qh5 Nxh5 7. Be2 Nf4 8. Bxf4
exf4 9. h4 h6 10. d4 Bb6 11. Nf3 O-O 12. Nbd2 Bg4 13. Nc4 Bxf3 14. Bxf3 Qf6 15.
Nxb6 axb6 16. O-O-O Rxa2 17. Kb1 Raa8 18. g3 fxg3 19. fxg3 Qxf3 20. Rhe1 Qxg3
21. h5 Qf3 22. d5 Ne5 0-1

[Event "AUTO-INT-1603"]
[Site "http://www.queenalice.com/game.php?id=727755"]
[Date "2010.2.7"]
[Round "1"]
[White "amandrix"]
[Black "Panzer85"]
[Result "0-1"]
[WhiteElo "1559"]
[BlackElo "1719"]

1. e4 e5 2. Nf3 Nc6 3. c3 Nf6 4. d4 d6 5. Qb3 h6 6. g3 Nxe4 7. Ng1 exd4 8. Bg2
Qe7 9. Nf3 Nc5+ 10. Be3 Nxb3 11. axb3 dxe3 12. fxe3 Qxe3+ 13. Kf1 Qc1+ 0-1

[Event "AUTO-INT-1603"]
[Site "http://www.queenalice.com/game.php?id=727756"]
[Date "2010.2.7"]
[Round "1"]
[White "Panzer85"]
[Black "amandrix"]
[Result "1-0"]
[WhiteElo "1666"]
[BlackElo "1544"]

1. e4 e5 2. Nf3 Nc6 3. d4 d5 4. exd5 Qxd5 5. Nc3 Qa5 6. Bb5 a6 7. Bxc6+ bxc6 8.
Nxe5 Bb7 9. O-O c5 10. Re1 cxd4 11. Qxd4 Bd6 12. Nc6+ Ne7 13. Nxa5 Bc8 14. Qxg7
Rf8 15. Nd5 1-0

[Event "AUTO-INT-1603"]
[Site "http://www.queenalice.com/game.php?id=727757"]
[Date "2010.2.7"]
[Round "1"]
[White "amandrix"]
[Black "kinggeorge"]
[Result "1-0"]
[WhiteElo "1535"]
[BlackElo "1150"]

1. e4 c5 2. Nf3 d6 3. d4 b5 4. Bxb5+ Bd7 5. Bc4 g5 6. Nxg5 Qa5+ 7. c3 h5 8. Qf3
Rh6 9. Qxf7+ Kd8 10. Qxf8+ Kc7 11. Bxg8 Bg4 12. Qxh6 cxd4 13. O-O Nc6 14. Ne6+
Kb6 15. Nd2 Rxg8 16. Nc4+ Kb5 17. Nxa5 Nxa5 18. Nxd4+ Kc5 19. Nf5 Nc4 20. Qe6
Rf8 21. Qxe7 Rc8 22. Rd1 Bxd1 23. Qxa7+ Kc6 24. Qa6+ Kc7 25. Qxc4+ Kd7 26. Bf4
Rxc4 27. Rxd1 Rxe4 28. Rxd6+ Kc7 29. Rd4+ Kc6 30. Rxe4 Kd5 31. Ng3 h4 32. Rd4+
Ke6 33. Nh5 Kf5 34. b4 Kg4 35. Ng7 h3 36. b5 hxg2 37. b6 Kh3 38. b7 Kg4 39. b8=Q
Kf3 40. Qe8 Kg4 41. Bc7+ Kg5 42. Rd7 Kf6 43. Rf7+ Kg6 44. Qg8 Kh6 45. Ne6 1-0

[Event "AUTO-INT-1603"]
[Site "http://www.queenalice.com/game.php?id=727758"]
[Date "2010.2.7"]
[Round "1"]
[White "kinggeorge"]
[Black "amandrix"]
[Result "0-1"]
[WhiteElo "1170"]
[BlackElo "1532"]

1. c3 e5 2. b4 d5 3. Na3 c6 4. g4 Bxg4 5. h3 Bf5 6. b5 Be4 7. d3 Bxh1 8. bxc6
Nxc6 9. Nf3 Qa5 10. e4 Qxc3+ 11. Bd2 Qxa3 12. Rc1 Bxf3 13. Qxf3 Nd4 14. Qf5 Nxf5
15. exf5 e4 16. f6 Nxf6 17. f3 Bb4 18. fxe4 Qa5 19. a3 Bxd2+ 20. Kd1 Bxc1 21.
Kxc1 Qxa3+ 22. Kd2 Rc8 23. d4 Rc3 24. Bb5+ Nd7 25. exd5 Qb2+ 26. Kd1 Rc1# 0-1

[Event "Challenge Jeff vs Mat"]
[Site "http://www.queenalice.com/game.php?id=802608"]
[Date "2010.7.13"]
[Round "-"]
[White "amandrix"]
[Black "Jeff_Of_Love"]
[Result "0-1"]
[WhiteElo "1570"]
[BlackElo "1906"]

1. e4 e5 2. d3 c5 3. g4 Nf6 4. h3 d6 5. Nc3 Nc6 6. Nf3 Be6 7. Ng5 Bd7 8. Nd5 Nd4
9. Be3 h6 10. Nxf7 Kxf7 11. c3 Nxd5 12. exd5 Nb5 13. c4 Nd4 14. f4 Qa5+ 15. Qd2
Nf3+ 16. Kd1 Nxd2 17. Bxd2 Qb6 18. b3 Ba4 19. fxe5 dxe5 20. Bg2 Bd7 21. Rf1+ Ke8
22. Kc2 Qd8 23. Rf3 Bd6 24. Raf1 Rf8 25. Re3 Rxf1 26. Bxf1 Qf6 27. Re1 Qf2 0-1

[Event "Challenge"]
[Site "http://www.queenalice.com/game.php?id=807688"]
[Date "2010.7.24"]
[Round "-"]
[White "Gabsy"]
[Black "amandrix"]
[Result "0-1"]
[WhiteElo "1100"]
[BlackElo "1561"]

1. h4 e5 2. e4 c5 3. Nf3 d6 4. Rh3 Bxh3 5. gxh3 Nf6 6. Bb5+ Nc6 7. Nc3 a6 8. Bd3
b5 9. b3 Be7 10. a4 bxa4 11. Rxa4 Nd4 12. Bc4 d5 13. exd5 O-O 14. Bxa6 Nxd5 15.
Bb7 Rxa4 16. Nxa4 e4 17. Ne5 f6 18. Bxd5+ Qxd5 19. Nc4 Nf3+ 20. Ke2 f5 21. Nab6
Qc6 22. d3 Bxh4 23. Qf1 Nd4+ 24. Kd1 Bd8 25. Na4 f4 26. Nc3 e3 27. Bb2 Qf3+ 28.
Ne2 Nf5 29. Ne5 Qh5 30. Qg2 exf2 31. Qxf2 Ne3+ 32. Kd2 Ba5+ 33. Kc1 Qxh3 34.
Nxf4 Qh1+ 0-1

[Event "Challenge Rematch!"]
[Site "http://www.queenalice.com/game.php?id=813887"]
[Date "2010.8.5"]
[Round "-"]
[White "Gabsy"]
[Black "amandrix"]
[Result "1-0"]
[WhiteElo "1216"]
[BlackElo "1563"]

1. e4 e5 2. Nc3 d6 3. Nf3 Nf6 4. d3 Nc6 5. Be2 Be7 6. g3 O-O 7. Be3 d5 8. h4 Ng4
9. exd5 Nxe3 10. fxe3 Nb4 11. e4 b6 12. Nxe5 Bd6 13. Ng4 Bxg3+ 14. Nf2 Bxh4 15.
Rf1 Bh3 16. Qd2 Bxf1 17. Bxf1 Qf6 18. Nb5 Qe7 19. O-O-O Nxa2+ 20. Kb1 Nb4 21.
Qf4 a6 22. Nd4 c5 23. dxc6 g5 24. Qh2 Qf6 25. Nf5 Nxc6 26. Ng4 Qe6 27. Ngh6+ Kh8
28. Qc7 Nb4 29. Qc3+ f6 30. Qxb4 Bf2 31. Bh3 Bc5 32. Qc3 Rfc8 33. d4 Bf8 34. Qe3
Qc4 35. c3 b5 36. Bg2 b4 37. Bf1 bxc3 38. Bxc4 cxb2 39. Bd5 Rab8 40. Nf7+ Kg8
41. Rh1 Rc7 42. N7h6+ Kh8 43. e5 Bxh6 44. exf6 Rbc8 45. Nxh6 Rc1+ 46. Rxc1 Rxc1+
47. Qxc1 bxc1=Q+ 48. Kxc1 g4 49. Kd2 a5 50. Be6 g3 51. Ke2 a4 52. Nf7+ Kg8 53.
Ng5+ Kf8 54. f7 Ke7 55. d5 a3 56. d6+ Kxd6 57. f8=Q+ Ke5 58. Ke3 g2 59. Qf5+ Kd6
60. Qd5+ Ke7 61. Qxg2 h6 62. Qb7+ Kf6 63. Qf7+ Ke5 64. Nf3+ Kd6 65. Kd4 Kc6 66.
Ne5+ Kb5 67. Qb7+ Ka4 68. Kc4 Ka5 69. Qb5# 1-0

[Event "Rematch 3"]
[Site "http://www.queenalice.com/game.php?id=823831"]
[Date "2010.8.26"]
[Round "-"]
[White "Gabsy"]
[Black "amandrix"]
[Result "0-1"]
[WhiteElo "1349"]
[BlackElo "1563"]

1. e3 e5 2. c4 Nf6 3. g3 c5 4. Bg2 Nc6 5. e4 d6 6. Qe2 Nd4 7. Qd3 a6 8. Nf3 b5
9. b3 b4 10. h3 Be7 11. g4 O-O 12. g5 Nh5 13. h4 Nf4 14. Qf1 Nc2+ 15. Kd1 Nxa1
16. Bb2 Qa5 17. Kc1 Qxa2 18. Bxa1 Qxa1 19. d3 Qa2 20. Nfd2 Bg4 21. f3 Bd7 22.
Rh2 a5 23. Kd1 a4 24. bxa4 Bxa4+ 25. Ke1 Bc2 26. Qg1 Nxd3+ 27. Ke2 Nf4+ 28. Ke3
Qa1 29. Rh1 Qd4# 0-1